Genetics / (Record no. 15323)

MARC details
000 -LEADER
fixed length control field 00904nam a22002537a 4500
005 - DATE AND TIME OF LATEST TRANSACTION
control field 2008090307237.0
008 - FIXED-LENGTH DATA ELEMENTS--GENERAL INFORMATION
fixed length control field 080903t xxu||||| |||| 00| 0 eng d
010 ## - LCCN (DPL NO)
LC control number ENG-90899
020 ## - INTERNATIONAL STANDARD BOOK NUMBER
International Standard Book Number 9788131304433
Terms of availability 195.00
035 ## - SYSTEM CONTROL NUMBER
System control number EN-74432
037 ## - SOURCE OF ACQUISITION
Source of stock number/acquisition DBAD / PUB
040 ## - CATALOGING SOURCE
Original cataloging agency DPL
Language of cataloging English
082 ## - DEWEY DECIMAL CLASSIFICATION NUMBER
Classification number 576.139
100 ## - MAIN ENTRY--PERSONAL NAME
Personal name Chatterjee, Shailja
245 ## - TITLE STATEMENT
Title Genetics /
Statement of responsibility, etc by Shailja Chatterjee [and] V.C. Chatterjee
260 ## - PUBLICATION, DISTRIBUTION, ETC. (IMPRINT)
Place of publication, distribution, etc New Delhi
Name of publisher, distributor, etc APH Publishing House
Date of publication, distribution, etc 2009
270 ## - ADDRESS
Address 4435-36/7, Ansari Raod, Darya Ganj,
City New Delhi
Postal code 110002
Telephone number 23274050
300 ## - PHYSICAL DESCRIPTION
Extent 70p.:
Dimensions 23 cm (Hb)
Other physical details ill.
500 ## - GENERAL NOTE
General note Includes index
650 ## - SUBJECT ADDED ENTRY--TOPICAL TERM
Topical term or geographic name as entry element Genetics
700 ## - ADDED ENTRY--PERSONAL NAME
Personal name Chatterjee, V.C.
942 ## - ADDED ENTRY ELEMENTS (KOHA)
Source of classification or shelving scheme Dewey Decimal Classification
Item type English Books
Call number suffix CHA
Classification part 576.139
Holdings
Withdrawn status Lost status Damaged status Not for loan Collection code Home library Current library Date acquired Cost, normal purchase price Total Checkouts Full call number Barcode Date last seen Copy number Cost, replacement price Koha item type
      Not For Loan Non-fiction D.B.Act.Division D.B.Act.Division 04/09/2008 195.00   576.139 CHA EN-74432 15/09/2008 1 195.00 English Books

© Delhi Public Library
Hit Counter
free hit counter